00221nam a2200085Ia 450000100070000000500170000700800410002424500480006526000220011377330320250826165749.0250824s9999 xx 000 0 und d 0aSEVGİNİN BAĞLADIKLARIcMARIE BOSTWICK bARKADYA YAYINLARI